Principles of Church Growth / (Record no. 3282)
[ view plain ]
| 000 -LEADER | |
|---|---|
| fixed length control field | 00465nam a2200169Ia 4500 |
| 003 - CONTROL NUMBER IDENTIFIER | |
| control field | GBCCL |
| 005 - DATE AND TIME OF LATEST TRANSACTION | |
| control field | 20241126110451.0 |
| 008 - FIXED-LENGTH DATA ELEMENTS--GENERAL INFORMATION | |
| fixed length control field | 171123b xxu||||| |||| 00| 0 eng d |
| 040 ## - CATALOGING SOURCE | |
| Transcribing agency | gbc |
| 082 ## - DEWEY DECIMAL CLASSIFICATION NUMBER | |
| Classification number | 254.5 |
| Item number | NEL |
| 100 ## - MAIN ENTRY--PERSONAL NAME | |
| Personal name | Nelson, Marlin L |
| 9 (RLIN) | 6742 |
| 245 ## - TITLE STATEMENT | |
| Title | Principles of Church Growth / |
| Statement of responsibility, etc. | Marlin L. Nelson |
| 260 ## - PUBLICATION, DISTRIBUTION, ETC. | |
| Name of publisher, distributor, etc. | ACTS Trust: |
| Place of publication, distribution, etc. | Bangalore, |
| Date of publication, distribution, etc. | 1995. |
| 300 ## - PHYSICAL DESCRIPTION | |
| Extent | 144p.; |
| Other physical details | 20 cm. |
| 650 ## - SUBJECT ADDED ENTRY--TOPICAL TERM | |
| Topical term or geographic name entry element | Church growth |
| 9 (RLIN) | 291 |
| 942 ## - ADDED ENTRY ELEMENTS (KOHA) | |
| Edition | 1ST PUB |
| Source of classification or shelving scheme | Dewey Decimal Classification |
| Koha item type | Books |
| Call number prefix | 254.5 |
| Call number suffix | NEL |
| Koha issues (borrowed), all copies | 45 |
| Withdrawn status | Lost status | Source of classification or shelving scheme | Damaged status | Not for loan | Home library | Current Library | Shelving location | Date acquired | Total checkouts | Total renewals | Full call number | Barcode | Date last seen | Date last checked out | Copy number | Price effective from | Koha item type |
|---|---|---|---|---|---|---|---|---|---|---|---|---|---|---|---|---|---|
| Dewey Decimal Classification | GRACE BIBLE COLLEGE | GRACE BIBLE COLLEGE | Ministry & Mission | 2017-11-23 | 12 | 1 | 254.5 NEL | 013291 | 2025-05-01 | 2023-11-28 | c.4 | 2017-11-23 | Books | ||||
| Dewey Decimal Classification | GRACE BIBLE COLLEGE | GRACE BIBLE COLLEGE | Ministry & Mission | 2017-11-23 | 9 | 254.5 NEL | 005282 | 2025-05-01 | 2023-03-07 | c.2 | 2017-11-23 | Books | |||||
| Dewey Decimal Classification | GRACE BIBLE COLLEGE | GRACE BIBLE COLLEGE | Ministry & Mission | 2017-11-23 | 14 | 2 | 254.5 NEL | 005281 | 2025-10-01 | 2025-09-25 | c.1 | 2017-11-23 | Books | ||||
| Dewey Decimal Classification | GRACE BIBLE COLLEGE | GRACE BIBLE COLLEGE | Ministry & Mission | 2017-11-24 | 12 | 1 | 254.5 NEL | 005283 | 2025-05-01 | 2024-03-02 | c.3 | 2017-11-24 | Books |